000 00672nam a2200193 i 4500
001 53513
003 ES-MaACL
005 20230906162800.0
007 t|
008 950929s1850 cl ac ||||1| spa d
040 _aCAM
_bspa
_cCAM
100 1 _aEyzaguirre, José Ignacio Víctor.
_948457
245 1 0 _aHistoria eclesiástica, política y literaria de Chile /
_cpor José Ignacio Víctor Eyzaguirre.
260 _aValparaíso (Chile) :
_b[s.n.],
_c1850 (
_fImprenta del Comercio de Ezquerra y Gil)
300 _a2 v. ;
_c20 cm.
505 8 _aContiene 3 t. en 2 v.
651 4 _aChile-
_xHistoria.
_98038
852 _aES-MaACL
_jD-2846-47
_z.- Sello de Francisco Ripamont
999 _c53513
_d53513